00393 a2200097 4500001001000000005001700010008004100027245015500068100002600223773004600249ART_4518120260410162040.0260409a 10aSubsidios en la concesión de obra pública, la aplicación del principio de la realidad económica y la inmunidad de los instrumentos de gobierno1 aSpisso, Rodolfo Roque0 tImpuestosg- N° 19 (ene. 2018)wREV45175